Pesce d''o mare (Record n. 99296)

Dettagli MARC
000 -LEADER
fixed length control field 01971njm a2200361Ia 4500
001 - CONTROL NUMBER
control field E7808
003 - CONTROL NUMBER IDENTIFIER
control field IT-RoPAU
005 - DATE AND TIME OF LATEST TRANSACTION
control field 20220918181115.0
008 - FIXED-LENGTH DATA ELEMENTS--GENERAL INFORMATION
fixed length control field 131025s9999 xx 000 0 und d
040 ## - CATALOGING SOURCE
Original cataloging agency IT-RoPAU
040 ## - CATALOGING SOURCE
Transcribing agency IT-RoPAU
041 ## - LANGUAGE CODE
Language code of text/sound track or separate title ITALIANO
999 ## - SYSTEM CONTROL NUMBERS (KOHA)
Koha Dewey Subclass [OBSOLETE] n.d.
100 ## - MAIN ENTRY--PERSONAL NAME
Personal name AA.VV.
9 (RLIN) 794
100 ## - MAIN ENTRY--PERSONAL NAME
Relator term Autore musica
9 (RLIN) 32039
100 ## - MAIN ENTRY--PERSONAL NAME
Miscellaneous information Codice autore musica SPICS: 12000
9 (RLIN) 796
245 ## - TITLE STATEMENT
Title Pesce d''o mare
250 ## - EDITION STATEMENT
Edition statement 1a ed.
260 ## - PUBLICATION, DISTRIBUTION, ETC. (IMPRINT)
Place of publication, distribution, etc. ITALIA
260 ## - PUBLICATION, DISTRIBUTION, ETC. (IMPRINT)
Name of publisher, distributor, etc. EMI ITALIANA
Date of publication, distribution, etc. 1997 [1a Ed.:1997 - Ed. Lingua Orig.: 1997]
300 ## - PHYSICAL DESCRIPTION
Extent COMPACT DISC
300 ## - PHYSICAL DESCRIPTION
Dimensions 40 minuti (Testo: pag.)
500 ## - GENERAL NOTE
General note Musica popolare. Canzone italiana. Testi delle canzoni.
505 ## - FORMATTED CONTENTS NOTE
Formatted contents note Terra (3:00) - Pesce d''o mare (4:00) - Senza parlà (3:00) - Tarantella del Gargano (4:00) - Solo parole (5:00) - Voccuccia de no pierzeco (3:00) - Iammuncenne guagliù (4:00) - Sole nel cielo basso (5:00) - Cammenanno (4:00) - Festa d''o sole (5:00) - Ninna nanna (4:00)
650 ## - SUBJECT ADDED ENTRY--TOPICAL TERM
Topical term or geographic name as entry element CANZONE [COMPACT DISC]
Relator term Codice MATERIA SPICS: 9949
9 (RLIN) 30149
700 ## - ADDED ENTRY--PERSONAL NAME
Personal name Nuova Compagnia di Canto Popolare
Miscellaneous information Codice interprete SPICS: 35824
Relator term Interprete
9 (RLIN) 32040
700 ## - ADDED ENTRY--PERSONAL NAME
Personal name Faiello Carlo
Miscellaneous information Codice autore testo/musica SPICS: 35823
Relator term Autore testo/musica
Name of part/section of a work Terra - Pesce d''o mare - Cammenanno - Festa d''o sole - Ninna nanna
9 (RLIN) 32041
700 ## - ADDED ENTRY--PERSONAL NAME
Personal name Sfogli Corrado
Miscellaneous information Codice autore musica SPICS: 35821
Relator term Autore musica
Name of part/section of a work Terra - Senza parlà - Tarantella del Gargano - Solo parole - Voccuccia de no pierzeco - Iammuncenne guagliù - Sole nel cielo basso - Cammenanno
9 (RLIN) 32042
700 ## - ADDED ENTRY--PERSONAL NAME
Personal name Signore Michele
Miscellaneous information Codice autore SPICS: 49705
Relator term Autore
Name of part/section of a work Pesce d''o mare - Sole nel cielo basso - Cammenanno
9 (RLIN) 32043
700 ## - ADDED ENTRY--PERSONAL NAME
Personal name Anonimo
Miscellaneous information Codice autore musica SPICS: 2620
Relator term Autore musica
Name of part/section of a work Tarantella del Gargano - Voccuccia de no pierzeco
9 (RLIN) 32044
700 ## - ADDED ENTRY--PERSONAL NAME
Personal name Ziccardi P.
Miscellaneous information Codice autore testo/musica SPICS: 49707
Relator term Autore testo/musica
Name of part/section of a work Solo parole - Iammuncenne guagliù
9 (RLIN) 32045
942 ## - ADDED ENTRY ELEMENTS (KOHA)
Koha item type CD AUDIO
Source of classification or shelving scheme Dewey Decimal Classification
Dati di copia
Withdrawn status Lost status Damaged status Not for loan Home library Current library Date acquired Total Checkouts Full call number Date last seen Price effective from Koha item type Public note
    Buone Condizioni Not For Loan SPICS-MEDIATECA SPICS-MEDIATECA 25/10/2013   E7808 25/10/2013 25/10/2013 CD AUDIO Progr. Ins.: 2873 / N.Vol.: 1 / Copie: 1 - Copia rara: n.d. / date import: 01.01.2014 - By Epidotti, Trombetti, Vaglietti
CREDITS: SOCIETA' SAN PAOLO Via A.Severo, 58 - ROMA (RM) & PERIODICI SAN PAOLO SRL Via Giotto, 36 MILANO & CISF Via Giotto, 36 MILANO & EDIZIONI SAN PAOLO SRL,  Piazza Soncino, 5 CINISELLO BALSAMO (MI) -- ITALY